<?xml version="1.0" encoding="UTF-8"?>
<collection xmlns="http://www.loc.gov/MARC21/slim">
 <record>
  <leader>01213cam a2200277 a 4500</leader>
  <controlfield tag="001">EIQ.libpla003321</controlfield>
  <controlfield tag="008">981026s1999####njua#####b####001#0#eng##</controlfield>
  <controlfield tag="005">20080728121142.0</controlfield>
  <datafield tag="245" ind1="1" ind2="0">
   <subfield code="a">Introductory chemical engineering thermodynamics /</subfield>
   <subfield code="c">J. Richard Elliott, Jr., Carl T. Lira.</subfield>
  </datafield>
  <datafield tag="260" ind1=" " ind2=" ">
   <subfield code="a">Upper Saddle River, NJ :</subfield>
   <subfield code="b">Prentice Hall PTR,</subfield>
   <subfield code="c">c1999.</subfield>
  </datafield>
  <datafield tag="300" ind1=" " ind2=" ">
   <subfield code="a">xxi, 660 p. :</subfield>
   <subfield code="b">il. ;</subfield>
   <subfield code="c">27 cm.</subfield>
  </datafield>
  <datafield tag="440" ind1=" " ind2="0">
   <subfield code="a">Prentice-Hall international series in the physical and chemical engineering sciences</subfield>
  </datafield>
  <datafield tag="504" ind1=" " ind2=" ">
   <subfield code="a">Incluye referencias bibliográficas e índice.</subfield>
  </datafield>
  <datafield tag="020" ind1=" " ind2=" ">
   <subfield code="a">0130113867</subfield>
  </datafield>
  <datafield tag="100" ind1="1" ind2=" ">
   <subfield code="a">Elliott, J. Richard.</subfield>
  </datafield>
  <datafield tag="700" ind1="1" ind2=" ">
   <subfield code="a">Lira, Carl T.</subfield>
  </datafield>
  <datafield tag="082" ind1="0" ind2="0">
   <subfield code="a">660/.2969</subfield>
   <subfield code="2">21</subfield>
  </datafield>
  <datafield tag="650" ind1=" " ind2="4">
   <subfield code="a">Termodinámica</subfield>
   <subfield code="x">Ingeniería química.</subfield>
  </datafield>
  <datafield tag="650" ind1=" " ind2="4">
   <subfield code="a">Thermodynamics</subfield>
   <subfield code="x">Chemical engineering.</subfield>
  </datafield>
  <datafield tag="010" ind1=" " ind2=" ">
   <subfield code="a">   98049402 </subfield>
  </datafield>
  <datafield tag="040" ind1=" " ind2=" ">
   <subfield code="a">DLC</subfield>
   <subfield code="c">DLC</subfield>
   <subfield code="d">AR-BbSID</subfield>
  </datafield>
  <datafield tag="859" ind1=" " ind2=" ">
   <subfield code="a">AR-BbSID</subfield>
   <subfield code="b">BIB. PLAPIQUI</subfield>
   <subfield code="h">660.296 9</subfield>
   <subfield code="i">Ell 58</subfield>
   <subfield code="p">5727</subfield>
   <subfield code="t">Ej. 1</subfield>
   <subfield code="v">Ej. 1</subfield>
  </datafield>
  <datafield tag="859" ind1=" " ind2=" ">
   <subfield code="a">AR-BbSID</subfield>
   <subfield code="b">BIB. PLAPIQUI</subfield>
   <subfield code="h">660.296 9</subfield>
   <subfield code="i">Ell 58</subfield>
   <subfield code="p">6080</subfield>
   <subfield code="t">Ej. 2</subfield>
   <subfield code="v">Ej. 2</subfield>
  </datafield>
  <datafield tag="859" ind1=" " ind2=" ">
   <subfield code="a">AR-BbSID</subfield>
   <subfield code="b">BIB. PLAPIQUI</subfield>
   <subfield code="h">660.296 9</subfield>
   <subfield code="i">Ell 58</subfield>
   <subfield code="p">6081</subfield>
   <subfield code="t">Ej. 3</subfield>
   <subfield code="v">Ej. 3</subfield>
  </datafield>
  <datafield tag="859" ind1=" " ind2=" ">
   <subfield code="a">AR-BbSID</subfield>
   <subfield code="b">BIB. PLAPIQUI</subfield>
   <subfield code="h">660.296 9</subfield>
   <subfield code="i">Ell 58</subfield>
   <subfield code="p">6082</subfield>
   <subfield code="t">Ej. 4</subfield>
   <subfield code="v">Ej. 4</subfield>
  </datafield>
  <datafield tag="859" ind1=" " ind2=" ">
   <subfield code="a">AR-BbSID</subfield>
   <subfield code="b">BIB. PLAPIQUI</subfield>
   <subfield code="h">660.296 9</subfield>
   <subfield code="i">Ell 58</subfield>
   <subfield code="p">6083</subfield>
   <subfield code="t">Ej. 5</subfield>
   <subfield code="v">Ej. 5</subfield>
  </datafield>
 </record>
</collection>
